Klikkaa käännöstä - espanja - Statistics

Yleistilastot
  • Tätä visaa on pelattu 2 104 kertaa
  • Keskiarvotulos 11 / 20
Vastaustilastot
Hint Vastaus % Oikein
Mies Hombre
81%
Kirja Libro
71%
Koulu Escuela
67%
Silmä Ojo
67%
Aika Tiempo
67%
Elämä Vida
66%
Sininen Azul
63%
Aamu Mañana
60%
Sunnuntai Domingo
58%
Maailma Mundo
57%
Maalata Pintar
56%
Sipuli Cebolla
51%
Sota Guerra
46%
Sänky Cama
40%
Lyijykynä Lápiz
38%
Metsä Bosque
36%
Lelu Juguete
36%
Ovi Puerta
36%
Sade Lluvia
35%
Lehmä Vaca
33%
Ehtoja vastaavia visoja ei löytynyt
Tulosjakauma
Jokaisen tuloksen saaneiden osuus
Persentiili vastausten määrän mukaan
Tuloshistoriasi
Et ole pelannut tätä visaa